[Event "DEM U18 2006"]
[Site "Willingen GER"]
[Date "2006.06.08"]
[Round "7"]
[White "Wolter, Jens"]
[Black "Decker, Nils"]
[Result "1-0"]
[Termination "normal"]
[Board "14"]
[WhiteElo "2107"]
[BlackElo "2001"]
[PlyCount "103"]
[WhiteFideId "4698185"]
[EventCountry "GER"]
[EventRounds "9"]
[EventType "swiss"]
[EventDate "2006.06.03"]

1. e4 c5 2. Nf3 g6 3. d4 cxd4 4. Nxd4 Nc6 5. Nc3 Bg7 6. Be3 Nf6 7. Bc4 O-O 8.
Bb3 a5 9. O-O d6 10. h3 Bd7 11. a4 Nxd4 12. Bxd4 Bc6 13. Re1 Nd7 14. Bxg7 Kxg7
15. Qd4+ Kg8 16. Bc4 Nb6 17. Bb5 Qc7 18. Nd5 Nxd5 19. exd5 Bxb5 20. axb5 b6 21.
Ra3 Qxc2 22. Rxe7 Qc5 23. Qxc5 dxc5 24. d6 Rae8 25. Rd3 Kg7 26. Rc7 Rc8 27. Rc6
Rb8 28. d7 Rfd8 29. Rc7 Kf6 30. Re3 Kf5 31. Kf1 Kf6 32. Ke2 a4 33. Kd3 a3 34.
bxa3 Ra8 35. Kc4 Ra4+ 36. Kd5 Rd4+ 37. Kc6 c4 38. Re8 R4xd7 39. Rxd8 Rxd8 40.
Kxb6 Rd4 41. Rc5 Ke7 42. a4 Kd8 43. Kc6 Kc8 44. b6 c3 45. Kb5+ Kb8 46. Rxc3 Rd2
47. Ka6 Rxf2 48. Re3 Rc2 49. Re8+ Rc8 50. Rxc8+ Kxc8 51. b7+ Kb8 52. Kb6 1-0

[Event "DEM U18 2006"]
[Site "Willingen GER"]
[Date "2006.06.09"]
[Round "8"]
[White "Abel, Dennes"]
[Black "Figura, Atila Gajo"]
[Result "1/2-1/2"]
[Termination "normal"]
[Board "1"]
[WhiteElo "2268"]
[BlackElo "2352"]
[PlyCount "133"]
[WhiteFideId "24605417"]
[BlackFideId "4688058"]
[EventCountry "GER"]
[EventRounds "9"]
[EventType "swiss"]
[EventDate "2006.06.03"]

1. e4 g6 2. d4 Bg7 3. Nc3 d6 4. Be3 a6 5. Nf3 b5 6. Qd2 Bb7 7. Bd3 Nd7 8. d5 c5
9. dxc6 Bxc6 10. O-O Ngf6 11. Nd4 Bb7 12. f3 O-O 13. Rfd1 Re8 14. a4 b4 15.
Nce2 Rb8 16. Nb3 d5 17. Ba7 Ra8 18. Bf2 dxe4 19. fxe4 Ng4 20. Qxb4 Nxf2 21.
Kxf2 Rb8 22. Kg1 Bxb2 23. Rab1 Be5 24. Qa5 Qc8 25. Nd2 Qc5+ 26. Qxc5 Nxc5 27.
Nc4 Bg7 28. Na5 Bxe4 29. Rxb8 Rxb8 30. Bxe4 Nxe4 31. Nc6 Re8 32. Rd5 Bf6 33.
Ra5 Rc8 34. Rxa6 Nc5 35. Rb6 Nxa4 36. Rb8 Rxb8 37. Nxb8 Nc3 38. Nc1 Bd4+ 39.
Kf1 e6 40. Nc6 Bb6 41. h3 f6 42. Ne2 Nd5 43. c3 Ne3+ 44. Kf2 e5 45. Kf3 Kf7 46.
Ng3 Nc4 47. Ne4 Ke6 48. g4 Nd6 49. Nd2 f5 50. gxf5+ gxf5 51. Nf1 Nf7 52. Ng3
Ng5+ 53. Kg2 f4 54. Nf1 e4 55. Nd2 e3 56. Nf3 Ne4 57. c4 Nd6 58. Nce5 Kf5 59.
Nd7 Nxc4 60. Kf1 Ba7 61. Ke2 h6 62. Kd3 Nd6 63. Nde5 h5 64. Nc6 Bb6 65. Ne7+
Ke6 66. Ng6 Kf5 67. Ne7+ 1/2-1/2

[Event "DEM U18 2006"]
[Site "Willingen GER"]
[Date "2006.06.09"]
[Round "8"]
[White "Hirneise, Tobias"]
[Black "Zebisch, Paul"]
[Result "1-0"]
[Termination "normal"]
[Board "2"]
[WhiteElo "2210"]
[BlackElo "2039"]
[PlyCount "79"]
[WhiteFideId "24600881"]
[BlackFideId "24601535"]
[EventCountry "GER"]
[EventRounds "9"]
[EventType "swiss"]
[EventDate "2006.06.03"]

1. e4 e5 2. Nf3 Nc6 3. Bb5 a6 4. Ba4 Nf6 5. d3 b5 6. Bb3 Bc5 7. Nc3 h6 8. Nd5
d6 9. Nxf6+ Qxf6 10. Bd5 Bd7 11. Be3 O-O 12. Qd2 Rad8 13. Bxc6 Bxc6 14. Qa5
Bxe3 15. fxe3 d5 16. exd5 Bxd5 17. e4 Ba8 18. O-O Qd6 19. Qc3 f5 20. Nxe5 fxe4
21. Rxf8+ Rxf8 22. d4 Qd5 23. Qb3 Rd8 24. Qxd5+ Rxd5 25. c3 c5 26. Rd1 cxd4 27.
cxd4 b4 28. Nc4 Rg5 29. b3 Bd5 30. Ne3 Bf7 31. d5 Kf8 32. Rd4 a5 33. d6 Ke8 34.
Rxe4+ Kd8 35. Re7 Bg8 36. Ra7 Be6 37. Re7 Bg8 38. h4 Rg6 39. Ra7 Bh7 40. Nc4
1-0

[Event "DEM U18 2006"]
[Site "Willingen GER"]
[Date "2006.06.09"]
[Round "8"]
[White "Feuerstack, Aljoscha"]
[Black "Behm, Simon"]
[Result "1-0"]
[Termination "normal"]
[Board "3"]
[WhiteElo "2296"]
[BlackElo "2243"]
[PlyCount "149"]
[WhiteFideId "4681932"]
[BlackFideId "4691962"]
[EventCountry "GER"]
[EventRounds "9"]
[EventType "swiss"]
[EventDate "2006.06.03"]

1. Nf3 d5 2. d4 Nf6 3. c4 c6 4. Nc3 dxc4 5. a4 Bf5 6. Ne5 Nbd7 7. Nxc4 Qc7 8.
g3 e5 9. dxe5 Nxe5 10. Bf4 Nfd7 11. Bg2 g5 12. Bxe5 Nxe5 13. Qd4 f6 14. O-O-O
Rd8 15. Qe3 Rxd1+ 16. Rxd1 Be7 17. Nxe5 Qxe5 18. Qxa7 O-O 19. e3 Bc5 20. Bd5+
Qxd5 21. Nxd5 Bxa7 22. Ne7+ Kf7 23. Nxf5 Ke6 24. g4 Bb8 25. Kc2 Be5 26. h4 Ra8
27. Kb3 Ra5 28. Ng7+ Ke7 29. Kb4 b6 30. Nf5+ Ke6 31. Ng7+ Ke7 32. Nf5+ Ke6 33.
b3 Rc5 34. Ng7+ Ke7 35. Nf5+ Ke6 36. Ng7+ Ke7 37. Nf5+ Ke6 38. Rd3 Rc2 39. f4
gxf4 40. exf4 Bb2 41. h5 Kf7 42. a5 bxa5+ 43. Kxa5 Bc1 44. Rd7+ Kg8 45. Rd8+
Kf7 46. Rh8 Bxf4 47. Rxh7+ Kg8 48. Rd7 Rg2 49. Rd4 Bc7+ 50. Ka6 Rb2 51. b4 Rc2
52. Re4 Bh2 53. Kb7 c5 54. b5 c4 55. b6 c3 56. Rc4 Rc1 57. Kc8 c2 58. b7 Bf4
59. Ne3 Bxe3 60. b8=Q Rb1 61. Rxc2 Rxb8+ 62. Kxb8 Kg7 63. Kc8 Kh6 64. Kd7 Kg5
65. Rh2 Kxg4 66. h6 f5 67. Ke6 f4 68. Kd5 Kg3 69. h7 Kxh2 70. h8=Q+ Kg2 71. Ke4
Kg3 72. Qg7+ Kf2 73. Qg4 Ke1 74. Qg2 Bd2 75. Kd3 1-0

[Event "DEM U18 2006"]
[Site "Willingen GER"]
[Date "2006.06.09"]
[Round "8"]
[White "Armbrust, Florian"]
[Black "Frübing, Stefan"]
[Result "1-0"]
[Termination "normal"]
[Board "4"]
[WhiteElo "2272"]
[BlackElo "2233"]
[PlyCount "45"]
[WhiteFideId "4691350"]
[BlackFideId "4682165"]
[EventCountry "GER"]
[EventRounds "9"]
[EventType "swiss"]
[EventDate "2006.06.03"]

1. e4 c5 2. Nc3 d6 3. f4 Nc6 4. Nf3 g6 5. Bc4 Bg7 6. O-O Nf6 7. d3 O-O 8. Qe1
Nd4 9. Nxd4 cxd4 10. Nd1 d5 11. Bb3 dxe4 12. dxe4 Qb6 13. f5 e5 14. fxg6 hxg6
15. Bg5 Qc6 16. Qf2 Nh5 17. Be7 Nf4 18. Bxf8 Bxf8 19. Bd5 Qb6 20. Kh1 Bc5 21.
Qf3 Qc7 22. Bb3 g5 23. Nf2 1-0

[Event "DEM U18 2006"]
[Site "Willingen GER"]
[Date "2006.06.09"]
[Round "8"]
[White "Bäumler, Ilja"]
[Black "Grimberg, Boris"]
[Result "1-0"]
[Termination "normal"]
[Board "5"]
[WhiteElo "2209"]
[BlackElo "2140"]
[PlyCount "117"]
[WhiteFideId "4681070"]
[BlackFideId "4697499"]
[EventCountry "GER"]
[EventRounds "9"]
[EventType "swiss"]
[EventDate "2006.06.03"]

1. e4 c5 2. c3 Qa5 3. a3 e6 4. Nf3 Qc7 5. d4 b6 6. Bd3 Ba6 7. Bxa6 Nxa6 8. O-O
Qb7 9. Re1 d6 10. Bf4 Nf6 11. Nbd2 Be7 12. e5 dxe5 13. dxe5 Nd5 14. Bg5 O-O 15.
Ne4 h6 16. Bxe7 Nxe7 17. Qe2 Nc7 18. Nd6 Qc6 19. c4 Rad8 20. b4 Nf5 21. b5 Qd7
22. Rad1 Qe7 23. Qd2 f6 24. g4 Nd4 25. Nxd4 cxd4 26. Qxd4 fxe5 27. Qxe5 Qh4 28.
Qg3 Qxg3+ 29. hxg3 Rf3 30. Ne4 Rfd3 31. Nc3 R8d4 32. Rxd3 Rxd3 33. Ne4 Rd4 34.
g5 hxg5 35. c5 bxc5 36. Nxc5 Kf7 37. Rb1 Rd5 38. Ne4 Ke7 39. a4 Rd4 40. Nc3 Rd3
41. Rc1 Nd5 42. Nxd5+ Rxd5 43. Rc7+ Rd7 44. Rc4 Rb7 45. Rc5 Kf6 46. Kf1 Rd7 47.
Rc6 g4 48. Ke2 Kf5 49. Ke3 Ke5 50. Rc5+ Kf6 51. a5 Rd1 52. Rc7 Rd5 53. Rb7 a6
54. bxa6 Rxa5 55. a7 Ra3+ 56. Kd4 Ra1 57. Kc5 Rc1+ 58. Kd6 Ra1 59. Kc7 1-0

[Event "DEM U18 2006"]
[Site "Willingen GER"]
[Date "2006.06.09"]
[Round "8"]
[White "Siebarth, Raiko"]
[Black "Krug, Kevin"]
[Result "1-0"]
[Termination "normal"]
[Board "6"]
[WhiteElo "2185"]
[BlackElo "2114"]
[PlyCount "69"]
[WhiteFideId "4674766"]
[BlackFideId "24609110"]
[EventCountry "GER"]
[EventRounds "9"]
[EventType "swiss"]
[EventDate "2006.06.03"]

1. e4 c6 2. Nc3 d5 3. f4 dxe4 4. Nxe4 Nd7 5. Nf3 Ngf6 6. Nf2 g6 7. b3 Bg7 8.
Bb2 O-O 9. Qe2 Qc7 10. g3 b6 11. Bg2 Bb7 12. O-O c5 13. Rae1 Rfe8 14. Nd3 e6
15. Nde5 Re7 16. Ng5 Rae8 17. Nc4 Bxg2 18. Qxg2 Rd8 19. Ne5 Nd5 20. Nexf7 Rxf7
21. Bxg7 Rxg7 22. Nxe6 Qd6 23. Nxd8 Nf8 24. Nc6 Qxc6 25. Re5 Nb4 26. Qe2 Rf7
27. c3 Nd5 28. Qe4 Rd7 29. f5 Qd6 30. fxg6 Nxg6 31. Re6 Qc7 32. Rxg6+ hxg6 33.
Qxg6+ Rg7 34. Qe8+ Kh7 35. Qh5+ 1-0

[Event "DEM U18 2006"]
[Site "Willingen GER"]
[Date "2006.06.09"]
[Round "8"]
[White "Cara, Bogdan"]
[Black "Rehberg, Raphael"]
[Result "0-1"]
[Termination "normal"]
[Board "7"]
[WhiteElo "2027"]
[BlackElo "2246"]
[PlyCount "90"]
[BlackFideId "4686799"]
[EventCountry "GER"]
[EventRounds "9"]
[EventType "swiss"]
[EventDate "2006.06.03"]

1. e4 e5 2. Nf3 d6 3. Bc4 Be7 4. O-O Nf6 5. Re1 O-O 6. c3 c6 7. d4 Nbd7 8. Bg5
Qc7 9. Nbd2 b5 10. Bb3 Bb7 11. Nh4 Rfe8 12. Nf5 Bf8 13. Re3 h6 14. Bh4 g6 15.
Rg3 Kh8 16. Bxf7 gxf5 17. Bxe8 Rxe8 18. exf5 Bg7 19. Qb3 d5 20. dxe5 Qxe5 21.
Re3 Qxf5 22. Rxe8+ Nxe8 23. Re1 Nd6 24. Bg3 Nc4 25. Nxc4 dxc4 26. Qa3 c5 27.
Qa5 Qd5 28. Qd8+ Nf8 29. Qxd5 Bxd5 30. Re7 Ng6 31. Rxa7 b4 32. Rc7 Be6 33. Rxc5
bxc3 34. bxc3 Bxc3 35. a4 Bb4 36. Rc6 Bf7 37. Bd6 Bd2 38. Rb6 Kg7 39. Bb4 Bxb4
40. Rxb4 c3 41. Rb7 Ne5 42. Rb1 Nd3 43. Kf1 c2 44. Ra1 Ba2 45. Ke2 Bb1 0-1

[Event "DEM U18 2006"]
[Site "Willingen GER"]
[Date "2006.06.09"]
[Round "8"]
[White "Becker, Nils"]
[Black "Mijatovic, Vladimir"]
[Result "1/2-1/2"]
[Termination "normal"]
[Board "8"]
[WhiteElo "2165"]
[BlackElo "2213"]
[PlyCount "104"]
[WhiteFideId "4695216"]
[BlackFideId "934062"]
[EventCountry "GER"]
[EventRounds "9"]
[EventType "swiss"]
[EventDate "2006.06.03"]

1. e4 c5 2. Nc3 d6 3. Nf3 Nf6 4. d4 cxd4 5. Nxd4 a6 6. Be3 e6 7. g4 b5 8. g5
Nfd7 9. Bg2 Bb7 10. a3 Nb6 11. Qh5 g6 12. Qe2 N8d7 13. h4 Nc4 14. h5 Rg8 15.
hxg6 hxg6 16. O-O-O Rc8 17. Nb1 Nc5 18. Nd2 Nxd2 19. Rxd2 e5 20. Nf3 Nb3+ 21.
Kd1 Nxd2 22. Nxd2 Qc7 23. c3 Bg7 24. Rh7 Kf8 25. Qg4 Rh8 26. Rxh8+ Bxh8 27. Bh3
Rd8 28. f3 Kg8 29. Qg1 Qc6 30. Bb6 Re8 31. Kc1 Bc8 32. Bf1 Be6 33. Bd3 Rb8 34.
Ba5 Bg7 35. Qg3 Bf8 36. Kc2 Bc4 37. Bf1 Bxf1 38. Nxf1 Qc4 39. Nd2 Qa4+ 40. Nb3
Qc4 41. Nd2 Qe6 42. Nf1 Be7 43. Ne3 Bd8 44. Bxd8 Rxd8 45. Nd5 Kg7 46. Qf2 Qh3
47. Nc7 Rh8 48. Kb3 Qh1 49. Kb4 Rh2 50. Ne6+ Kg8 51. Qb6 Rxb2+ 52. Ka5 fxe6
1/2-1/2

[Event "DEM U18 2006"]
[Site "Willingen GER"]
[Date "2006.06.09"]
[Round "8"]
[White "Bracker, Frank"]
[Black "Huschenbeth, Niclas"]
[Result "1-0"]
[Termination "normal"]
[Board "9"]
[WhiteElo "2058"]
[BlackElo "2293"]
[PlyCount "79"]
[WhiteFideId "24614343"]
[BlackFideId "24604747"]
[EventCountry "GER"]
[EventRounds "9"]
[EventType "swiss"]
[EventDate "2006.06.03"]

1. e4 e5 2. Nf3 Nc6 3. Bb5 a6 4. Ba4 Nf6 5. O-O Be7 6. Re1 b5 7. Bb3 O-O 8. h3
Bb7 9. d3 d6 10. Bd2 Bc8 11. a4 Be6 12. c3 Bxb3 13. Qxb3 Na5 14. Qd1 c5 15. d4
Qc7 16. Bg5 Rfd8 17. Nbd2 Ne8 18. Be3 Bf6 19. b3 g6 20. axb5 axb5 21. d5 Bg7
22. Qc2 Qd7 23. g4 Nb7 24. Nf1 h5 25. gxh5 Qxh3 26. Ng3 gxh5 27. Ng5 Qg4 28.
Kh2 h4 29. Nf5 Qh5 30. Rg1 Kf8 31. Qd3 Rxa1 32. Rxa1 Bf6 33. Rg1 c4 34. bxc4
Ng7 35. Nxg7 Bxg7 36. cxb5 Rc8 37. c4 Bh6 38. c5 dxc5 39. d6 Rd8 40. Nh7+ 1-0

[Event "DEM U18 2006"]
[Site "Willingen GER"]
[Date "2006.06.09"]
[Round "8"]
[White "Ratkovitch, Dimitri"]
[Black "Hauser, Carlos"]
[Result "1-0"]
[Termination "normal"]
[Board "10"]
[WhiteElo "2083"]
[BlackElo "2134"]
[PlyCount "73"]
[WhiteFideId "24608050"]
[BlackFideId "24608238"]
[EventCountry "GER"]
[EventRounds "9"]
[EventType "swiss"]
[EventDate "2006.06.03"]

1. e4 c5 2. c3 Nf6 3. e5 Nd5 4. d4 cxd4 5. Nf3 e6 6. cxd4 d6 7. Bc4 Nb6 8. Bb3
Nc6 9. O-O Be7 10. Qe2 O-O 11. Nc3 Bd7 12. Bf4 Qb8 13. Rfe1 dxe5 14. dxe5 Nb4
15. a3 N4d5 16. Nxd5 Nxd5 17. Bxd5 exd5 18. e6 Qxf4 19. exd7 Bf6 20. Rad1 Qd6
21. Qb5 d4 22. Nxd4 Bxd4 23. Qa4 Bxf2+ 24. Kxf2 Qb6+ 25. Qd4 Qc7 26. Kg1 Rad8
27. Re7 b6 28. Qd5 Qc5+ 29. Qxc5 bxc5 30. Rc1 g6 31. Rxc5 Kg7 32. Rc6 Rb8 33.
b4 Rfd8 34. Rc7 a6 35. Re4 Kf8 36. Kf2 Rb6 37. Rc8 1-0

[Event "DEM U18 2006"]
[Site "Willingen GER"]
[Date "2006.06.09"]
[Round "8"]
[White "Beller, Julian"]
[Black "Grünke, Paul"]
[Result "1-0"]
[Termination "normal"]
[Board "11"]
[WhiteElo "2108"]
[BlackElo "1874"]
[PlyCount "51"]
[WhiteFideId "24625868"]
[BlackFideId "24647802"]
[EventCountry "GER"]
[EventRounds "9"]
[EventType "swiss"]
[EventDate "2006.06.03"]

1. e4 c5 2. Nf3 d6 3. c3 d5 4. exd5 Qxd5 5. d4 Nf6 6. Be2 e6 7. O-O Nc6 8. Be3
cxd4 9. cxd4 Be7 10. Nc3 Qd6 11. Rc1 O-O 12. h3 a6 13. Qd2 Nd5 14. Nxd5 Qxd5
15. Bc4 Qh5 16. a3 Rd8 17. Qc2 Bf6 18. Rfd1 Ne7 19. Be2 Qg6 20. Bd3 Qh5 21. Bf4
Ng6 22. Be5 Bxe5 23. dxe5 Bd7 24. Bxg6 hxg6 25. Qc7 Rac8 26. Rxd7 1-0

[Event "DEM U18 2006"]
[Site "Willingen GER"]
[Date "2006.06.09"]
[Round "8"]
[White "Rafiee, Makan"]
[Black "Friedrich, Paul-Robert"]
[Result "0-1"]
[Termination "normal"]
[Board "12"]
[WhiteElo "2044"]
[BlackElo "1985"]
[PlyCount "88"]
[WhiteFideId "24609340"]
[BlackFideId "24616036"]
[EventCountry "GER"]
[EventRounds "9"]
[EventType "swiss"]
[EventDate "2006.06.03"]

1. e4 c5 2. Nf3 Nc6 3. d4 cxd4 4. Nxd4 e5 5. Nb5 a6 6. Nd6+ Bxd6 7. Qxd6 Qf6 8.
Qd2 Nge7 9. c4 O-O 10. Bd3 b5 11. Nc3 Nd4 12. b3 bxc4 13. Bxc4 Bb7 14. Ba3 d6
15. O-O Ng6 16. f3 Rfd8 17. Bd5 Qe7 18. Kh1 Nf4 19. g3 Nxd5 20. exd5 f6 21.
Rac1 Rac8 22. Qd3 Qf7 23. Kg2 Bxd5 24. Qxa6 Ra8 25. Qb6 Rdb8 26. Qxd6 Nf5 27.
Qc5 Rc8 28. Qb6 Rc6 29. Nxd5 Rxb6 30. Nxb6 Ne3+ 31. Kf2 Nxf1 32. Nxa8 Qa7+ 33.
Bc5 Qxa8 34. Kxf1 Qxa2 35. b4 Qxh2 36. Bg1 Qxg3 37. Ke2 Qf4 38. Rc8+ Kf7 39. b5
e4 40. b6 Qxf3+ 41. Ke1 e3 42. Rc2 Qf4 43. Rb2 Qd4 44. Rb3 Qd2+ 0-1

[Event "DEM U18 2006"]
[Site "Willingen GER"]
[Date "2006.06.09"]
[Round "8"]
[White "Wolter, Jens"]
[Black "Kaufmann, Benjamin"]
[Result "1/2-1/2"]
[Termination "normal"]
[Board "13"]
[WhiteElo "2107"]
[BlackElo "1940"]
[PlyCount "102"]
[WhiteFideId "4698185"]
[BlackFideId "24613525"]
[EventCountry "GER"]
[EventRounds "9"]
[EventType "swiss"]
[EventDate "2006.06.03"]

1. e4 e5 2. Nf3 Nc6 3. Bb5 Nf6 4. O-O Nxe4 5. d4 Nd6 6. Bxc6 dxc6 7. dxe5 Nf5
8. Qxd8+ Kxd8 9. Nc3 Bd7 10. Bf4 h6 11. Rad1 Kc8 12. Rd3 Be7 13. Rfd1 Be6 14.
Nd4 Nxd4 15. Rxd4 b6 16. a3 Kb7 17. Ne2 c5 18. R4d2 Rad8 19. Be3 Kc6 20. f4
Rxd2 21. Rxd2 Rd8 22. Ng3 Rxd2 23. Bxd2 Kd5 24. Kf2 g6 25. Kf3 h5 26. h3 b5 27.
Nf1 b4 28. g4 hxg4+ 29. hxg4 a5 30. Ne3+ Kd4 31. Be1 c4 32. c3+ bxc3 33. Bxc3+
Kd3 34. f5 gxf5 35. gxf5 Bd7 36. Kf4 Bxa3 37. Nd5 Bc6 38. Nxc7 Bb4 39. Bxb4
axb4 40. Na6 b3 41. Nb4+ Kd2 42. Nxc6 c3 43. Na5 cxb2 44. Nc4+ Kc1 45. Nxb2
Kxb2 46. e6 fxe6 47. fxe6 Kc2 48. e7 b2 49. e8=Q b1=Q 50. Qe4+ Kb2 51. Qxb1+
Kxb1 1/2-1/2

[Event "DEM U18 2006"]
[Site "Willingen GER"]
[Date "2006.06.09"]
[Round "8"]
[White "Decker, Nils"]
[Black "Jahner, Marius-Florin"]
[Result "0-1"]
[Termination "normal"]
[Board "14"]
[WhiteElo "2001"]
[BlackElo "1876"]
[PlyCount "92"]
[EventCountry "GER"]
[EventRounds "9"]
[EventType "swiss"]
[EventDate "2006.06.03"]

1. e4 e6 2. d3 d5 3. Nd2 d4 4. Ngf3 c5 5. c4 Nc6 6. g3 e5 7. Bg2 Bd6 8. h3 Be6
9. Qe2 h6 10. Nf1 Qd7 11. Bd2 Rb8 12. g4 Nge7 13. Ng3 g6 14. Nh4 b5 15. cxb5
Rxb5 16. b3 a5 17. O-O Nb4 18. Nf3 a4 19. bxa4 Rb8 20. a5 Qb5 21. Rfb1 Qa6 22.
Bxb4 cxb4 23. Qd2 f6 24. Ne2 Kf7 25. Ne1 Kg7 26. f4 Rhc8 27. f5 gxf5 28. gxf5
Bf7 29. Kh1 Rc5 30. Nc1 Nc6 31. Nb3 Rc3 32. Bf3 Nxa5 33. Bd1 Ra8 34. Qb2 Kh7
35. Nxa5 Qxa5 36. Bb3 Qc7 37. Bd1 Qd8 38. Qf2 Raa3 39. Rb2 b3 40. Qg3 Qg8 41.
Qh4 Qg5 42. Qf2 Rxa2 43. Bxb3 Rxa1 44. Bxf7 Rcc1 45. Bg6+ Kg8 46. Rb1 Rcxb1 0-1

[Event "DEM U18 2006"]
[Site "Willingen GER"]
[Date "2006.06.10"]
[Round "9"]
[White "Figura, Atila Gajo"]
[Black "Hirneise, Tobias"]
[Result "1/2-1/2"]
[Termination "normal"]
[Board "1"]
[WhiteElo "2352"]
[BlackElo "2210"]
[PlyCount "64"]
[WhiteFideId "4688058"]
[BlackFideId "24600881"]
[EventCountry "GER"]
[EventRounds "9"]
[EventType "swiss"]
[EventDate "2006.06.03"]

1. d4 Nf6 2. c4 g6 3. Nc3 Bg7 4. e4 d6 5. Nf3 O-O 6. Be2 e5 7. d5 a5 8. h3 Na6
9. Bg5 c6 10. Nd2 Bd7 11. O-O Kh8 12. a3 Qb8 13. Rb1 cxd5 14. cxd5 b5 15. b4
axb4 16. axb4 Rc8 17. Qb3 Ng8 18. Qb2 f5 19. exf5 gxf5 20. Qb3 Qb7 21. Rfc1 Nc7
22. Nf1 Nf6 23. Ne3 Rf8 24. Rf1 Rae8 25. Rbe1 Bc8 26. Kh2 f4 27. Bxf6 Bxf6 28.
Nc2 Rg8 29. Bf3 Ref8 30. Be4 Ne8 31. Na3 Qg7 32. Rg1 Bh4 1/2-1/2

[Event "DEM U18 2006"]
[Site "Willingen GER"]
[Date "2006.06.10"]
[Round "9"]
[White "Armbrust, Florian"]
[Black "Feuerstack, Aljoscha"]
[Result "0-1"]
[Termination "normal"]
[Board "2"]
[WhiteElo "2272"]
[BlackElo "2296"]
[PlyCount "98"]
[WhiteFideId "4691350"]
[BlackFideId "4681932"]
[EventCountry "GER"]
[EventRounds "9"]
[EventType "swiss"]
[EventDate "2006.06.03"]

1. e4 c5 2. Nc3 e6 3. f4 d5 4. d3 dxe4 5. dxe4 Qc7 6. Nf3 a6 7. a4 b6 8. Bc4
Nc6 9. O-O Nge7 10. f5 Nd4 11. Ng5 h6 12. Qh5 g6 13. fxg6 fxg6 14. Qh3 Bd7 15.
Nf7 Rh7 16. Bf4 e5 17. Bxe5 Bxh3 18. Bxc7 Be6 19. Ne5 Bg7 20. Nd5 Bxd5 21. Bxd5
Nxd5 22. exd5 Nxc2 23. Rac1 Ne3 24. Rfe1 Nxd5 25. Nc4+ Kf8 26. Bxb6 Nxb6 27.
Nxb6 Rd8 28. Nc4 Bd4+ 29. Kh1 Re7 30. Rxe7 Kxe7 31. g3 Rb8 32. Rc2 Ke6 33. a5
Kd5 34. Nb6+ Kc6 35. Kg2 Kb5 36. Nc4 Kb4 37. Kf3 Kb3 38. Rc1 Rb4 39. Nb6 Kxb2
40. Rd1 Kc2 41. Ke2 Rb5 42. Rd2+ Kb3 43. Rd3+ Kb4 44. Nd5+ Kc4 45. Ne7 Rb2+ 46.
Rd2 Kb3 47. Nc6 Rxd2+ 48. Kxd2 Bg1 49. Nb8 c4 0-1

[Event "DEM U18 2006"]
[Site "Willingen GER"]
[Date "2006.06.10"]
[Round "9"]
[White "Zebisch, Paul"]
[Black "Bäumler, Ilja"]
[Result "1-0"]
[Termination "normal"]
[Board "3"]
[WhiteElo "2039"]
[BlackElo "2209"]
[PlyCount "129"]
[WhiteFideId "24601535"]
[BlackFideId "4681070"]
[EventCountry "GER"]
[EventRounds "9"]
[EventType "swiss"]
[EventDate "2006.06.03"]

1. e4 g6 2. d4 Bg7 3. Nc3 c5 4. Nf3 cxd4 5. Nxd4 Nc6 6. Be3 Nf6 7. Bc4 Qa5 8.
O-O O-O 9. Bb3 Qh5 10. Qxh5 Nxh5 11. Rad1 Nf6 12. f3 d6 13. Nd5 Nxd5 14. Bxd5
Bd7 15. c3 Rfc8 16. Rd2 Na5 17. Bg5 Kf8 18. Nb3 Nc6 19. Re1 h6 20. Bh4 Nd8 21.
Nd4 Rab8 22. f4 Nc6 23. e5 Nxd4 24. cxd4 e6 25. Bb3 d5 26. g4 a5 27. f5 a4 28.
Bc2 g5 29. Bf2 Ke8 30. fxe6 fxe6 31. Be3 Kf7 32. Rf2+ Kg8 33. Bg6 Rf8 34. Rc1
Rxf2 35. Kxf2 Bc6 36. Bd3 Bf8 37. Bd2 Be7 38. Ke3 Kg7 39. a3 Rf8 40. Bb4 Rf7
41. Bxe7 Rxe7 42. Rc5 Rf7 43. Bb5 Bxb5 44. Rxb5 h5 45. h3 hxg4 46. hxg4 Kf8 47.
Rb6 Rf4 48. Rxe6 Rxg4 49. Rd6 Rg3+ 50. Kf2 Rb3 51. Rxd5 Rxb2+ 52. Kg3 Rb3+ 53.
Kg4 Rxa3 54. Ra5 Ke7 55. Kf5 Rf3+ 56. Ke4 g4 57. Rxa4 Rb3 58. Ra8 g3 59. Rg8
Kf7 60. Rg4 b5 61. d5 b4 62. e6+ Kf6 63. Rf4+ Ke7 64. Rf7+ Kd6 65. Kd4 1-0

[Event "DEM U18 2006"]
[Site "Willingen GER"]
[Date "2006.06.10"]
[Round "9"]
[White "Rehberg, Raphael"]
[Black "Abel, Dennes"]
[Result "1/2-1/2"]
[Termination "normal"]
[Board "4"]
[WhiteElo "2246"]
[BlackElo "2268"]
[PlyCount "52"]
[WhiteFideId "4686799"]
[BlackFideId "24605417"]
[EventCountry "GER"]
[EventRounds "9"]
[EventType "swiss"]
[EventDate "2006.06.03"]

1. e4 c5 2. Nf3 e6 3. d4 cxd4 4. Nxd4 Nc6 5. Nxc6 bxc6 6. Bd3 e5 7. O-O Nf6 8.
Nd2 Bc5 9. c4 a5 10. Qc2 a4 11. Rb1 O-O 12. b4 axb3 13. Nxb3 Be7 14. c5 d5 15.
cxd6 Qxd6 16. Be3 Be6 17. Rfd1 Qa3 18. Bc4 Bxc4 19. Qxc4 Qa4 20. Qxa4 Rxa4 21.
Bc5 Bxc5 22. Nxc5 Rxa2 23. f3 Rc2 24. Nd3 Re8 25. Rbc1 Rxc1 26. Rxc1 Re6
1/2-1/2

[Event "DEM U18 2006"]
[Site "Willingen GER"]
[Date "2006.06.10"]
[Round "9"]
[White "Behm, Simon"]
[Black "Siebarth, Raiko"]
[Result "1/2-1/2"]
[Termination "normal"]
[Board "5"]
[WhiteElo "2243"]
[BlackElo "2185"]
[PlyCount "65"]
[WhiteFideId "4691962"]
[BlackFideId "4674766"]
[EventCountry "GER"]
[EventRounds "9"]
[EventType "swiss"]
[EventDate "2006.06.03"]

1. d4 Nf6 2. c4 g6 3. Nc3 Bg7 4. e4 d6 5. Be2 O-O 6. Nf3 e5 7. O-O Nc6 8. d5
Ne7 9. b4 a5 10. Ba3 axb4 11. Bxb4 Nh5 12. c5 Nf4 13. cxd6 cxd6 14. Nb5 Ra6 15.
Bc4 Bg4 16. h3 Bxf3 17. Qxf3 f5 18. Rfc1 Kh8 19. a4 fxe4 20. Qxe4 Nf5 21. Bf1
Nh4 22. Rc3 Nf5 23. Ra2 Qh4 24. Kh2 Nxd5 25. Qxd5 Qxb4 26. Qxb7 Rxa4 27. Rc4
Qxb5 28. Qxb5 Rxa2 29. Qd7 Rxf2 30. Bd3 e4 31. Rxe4 Be5+ 32. Kg1 Ng7 33. Re1
1/2-1/2

[Event "DEM U18 2006"]
[Site "Willingen GER"]
[Date "2006.06.10"]
[Round "9"]
[White "Frübing, Stefan"]
[Black "Becker, Nils"]
[Result "1-0"]
[Termination "normal"]
[Board "6"]
[WhiteElo "2233"]
[BlackElo "2165"]
[PlyCount "79"]
[WhiteFideId "4682165"]
[BlackFideId "4695216"]
[EventCountry "GER"]
[EventRounds "9"]
[EventType "swiss"]
[EventDate "2006.06.03"]

1. e4 c5 2. Nf3 e6 3. d4 cxd4 4. Nxd4 Nf6 5. Nc3 Nc6 6. Ndb5 d6 7. Bf4 e5 8.
Bg5 a6 9. Na3 b5 10. Nd5 Be7 11. Bxf6 Bxf6 12. c3 Bg5 13. Nc2 O-O 14. Nce3 Be6
15. a4 bxa4 16. Rxa4 a5 17. Bc4 Ne7 18. O-O Kh8 19. Nxe7 Bxe7 20. Qd3 Qb6 21.
Bd5 Bd7 22. Nc4 Qc7 23. Ra3 Bb5 24. b3 Rac8 25. Rfa1 a4 26. Rxa4 Bxa4 27. Rxa4
Rb8 28. b4 f5 29. exf5 Qd7 30. Ra2 Rxf5 31. g3 Rff8 32. Qe3 Qf5 33. Be4 Qe6 34.
Qd3 Rbc8 35. Bd5 Qh6 36. b5 Qc1+ 37. Kg2 Bf6 38. Nxd6 Rxc3 39. Nf7+ Kg8 40.
Ng5+ 1-0